| 000 | 01145cam a22002891 4500 | ||
|---|---|---|---|
| 001 | hew63000144 | ||
| 003 | DLC | ||
| 005 | 20260227111512.0 | ||
| 008 | 960224s1963 dcua bs f000 0 eng | ||
| 010 | _ahew63000144 | ||
| 035 | _a(OCoLC)34261594 | ||
| 040 |
_aDLC _cOrPS _dOCoLC _dDLC |
||
| 042 | _apremarc | ||
| 043 | _an-us--- | ||
| 050 | 0 | 0 |
_aRJ59 _b.S3 |
| 100 | 1 | _aSchiffer, Clara G. | |
| 245 | 1 | 0 |
_aIllness among children; _bfrom U.S. National Health Survey _c[by]Clara G. Schiffer [and] Eleanor P. Hunt. |
| 260 |
_a[Washington] _bU.S. Dept. of Health, Education, and Welfare, Welfare Administration, Children's Bureau; _b[for sale by the Superintendent of Documents, U.S. Govt. Print. Off.] _c1963 |
||
| 300 |
_avi, 107 p. _bdiagrs., tables. _c24 cm. |
||
| 490 | 1 |
_aU.S. Children's Bureau. Publication _vno. 405 |
|
| 504 | _aBibliography: p. 54-55. | ||
| 650 | 0 |
_aChildren _xDiseases _vStatistics. |
|
| 651 | 0 |
_aUnited States _xStatistics, Medical. |
|
| 700 | 1 |
_aHunt, Eleanor P. _q(Eleanor Phelps), _d1899- |
|
| 710 | 2 | _aNational Health Interview Survey (U.S.) | |
| 830 | 0 |
_aPublication (United States. Children's Bureau); _vno. 405. |
|
| 999 |
_c34453 _d34453 |
||